A B C der Wirtschaft <Eine> schweizerische Einführung in die Grundfragen moderner Wirtschaft

Salvato in:
Dettagli Bibliografici
Natura: Libro
Lingua:tedesco
Pubblicazione: Bern A. Francke 1944
Tags: Aggiungi Tag
Nessun Tag, puoi essere il primo ad aggiungerne!!

MARC

LEADER 00000nam a2200000 4500
001 0268159
005 20240822101711.5
041 0 |a ger 
044 |a CH 
245 1 0 |a A B C der Wirtschaft  |b <Eine> schweizerische Einführung in die Grundfragen moderner Wirtschaft  |c Alfred Feldmann 
264 1 |a Bern  |b A. Francke  |c 1944